000
00307nam a22001217a 4500
040
_c
HS
082
_a
570
100
_a
DUK CHHENG
245
_a
ទំរនិងការបញ្ចូនពត៌មានសេនេទិច
260
_a
RUA
_b
ឌុក ឆេង
_c
1994
300
_a
24p;
942
_c
KB
999
_c
8849
_d
8849